000 00231nam a22000857a 4500
008 160816b xxu||||| |||| 00| 0 eng d
100 _9142
_aBlyton E
245 _aSecret Seven win through
260 _aLondon
_bHodder Head publication
_c2004
999 _c2797
_d2797